Work less, live more? :critical analysis of the work-life boundary / (Record no. 2990)

000 -LEADER
fixed length control field 02991cam a2200385 a 4500
001 - CONTROL NUMBER
control field 15252765
003 - CONTROL NUMBER IDENTIFIER
control field OSt
005 - DATE AND TIME OF LATEST TRANSACTION
control field 20160829104052.0
008 - FIXED-LENGTH DATA ELEMENTS--GENERAL INFORMATION
fixed length control field 080408s2008 enka b 001 0 eng
010 ## - LIBRARY OF CONGRESS CONTROL NUMBER
LC control number 2008015925
020 ## - INTERNATIONAL STANDARD BOOK NUMBER
International Standard Book Number 9780230535602
035 ## - SYSTEM CONTROL NUMBER
System control number (OCoLC)ocn222665684
035 ## - SYSTEM CONTROL NUMBER
System control number (OCoLC)222665684
040 ## - CATALOGING SOURCE
Original cataloging agency DLC
Transcribing agency DLC
Modifying agency BAKER
-- C#P
-- YDXCP
-- BWX
-- BWK
-- DLC
050 00 - LIBRARY OF CONGRESS CALL NUMBER
Classification number HD4904.25.W73 2008
082 00 - DEWEY DECIMAL CLASSIFICATION NUMBER
Classification number 306.3/6
Edition number 22
245 00 - TITLE STATEMENT
Title Work less, live more? :critical analysis of the work-life boundary /
Statement of responsibility, etc edited by Christopher Warhurst, Doris Ruth Eikhof and Axel Haunschild.
260 ## - PUBLICATION, DISTRIBUTION, ETC. (IMPRINT)
Place of publication, distribution, etc Basingstoke ;
-- New York :
Name of publisher, distributor, etc Palgrave Macmillan,
Date of publication, distribution, etc 2008.
300 ## - PHYSICAL DESCRIPTION
Extent xiv, 231 p. :
Other physical details ill. ;
Dimensions 24 cm.
440 #0 - SERIES STATEMENT/ADDED ENTRY--TITLE
Title Critical perspectives on work and organisations
504 ## - BIBLIOGRAPHY, ETC. NOTE
Bibliography, etc Includes bibliographical references and indexes.
505 0# - FORMATTED CONTENTS NOTE
Formatted contents note Out of balance or just out of bounds? : analysing the relationship between work and life / Chris Warhurst, Doris Ruth Eikhof, and Axel Haunschild -- Work-life outcomes in Australia : concepts, outcomes and policy / Barbara Pocock, Natalie Skinner and Philippa Williams -- Work-life balance : three terms in search of a definition / John MacInnes -- The boundary problem in work-life balance studies : theorising the total responsibility burden / Paul Ransome -- On the edge of the time bind : time and market culture / Arlie Russell Hochschild -- What makes the home boundary porous? : the influence of work characteristics on the permeability of the home domain / Rozemarijn de Man, Jeanne de Bruijn and Sandra Groeneveld -- Work relations and the multiple dimensions of the work-life boundary : hairstyling at home / Rachel Lara Cohen -- Getting the job done : the impact of employees' conception of work on work-life balance / Anne Bøgh Fangel and Stinne Aaløkke -- Occupation matters--blurring work-life boundaries in mobile care and the media industry / Annette Henninger and Ulrike Papouschek -- Re-establishing boundaries in home-based telework / Camilla Kylin and Jan Ch. Karlsson -- Frustrated ambitions : the reality of balancing work and life for call centre employees / Jeff Hyman and Abigail Marks -- Recreational use or performance enhancing? : doping regulation and professional sport / Tilda Khoshaba.
650 #0 - SUBJECT ADDED ENTRY--TOPICAL TERM
Topical term or geographic name as entry element Work and family.
650 #0 - SUBJECT ADDED ENTRY--TOPICAL TERM
Topical term or geographic name as entry element Quality of life.
650 #0 - SUBJECT ADDED ENTRY--TOPICAL TERM
Topical term or geographic name as entry element Quality of work life.
700 1# - ADDED ENTRY--PERSONAL NAME
Personal name Warhurst, Christopher.
700 1# - ADDED ENTRY--PERSONAL NAME
Personal name Eikhof, Doris Ruth.
700 1# - ADDED ENTRY--PERSONAL NAME
Personal name Haunschild, Axel.
856 42 - ELECTRONIC LOCATION AND ACCESS
Materials specified Contributor biographical information
Uniform Resource Identifier <a href="http://www.loc.gov/catdir/enhancements/fy0829/2008015925-b.html">http://www.loc.gov/catdir/enhancements/fy0829/2008015925-b.html</a>
856 42 - ELECTRONIC LOCATION AND ACCESS
Materials specified Publisher description
Uniform Resource Identifier <a href="http://www.loc.gov/catdir/enhancements/fy0829/2008015925-d.html">http://www.loc.gov/catdir/enhancements/fy0829/2008015925-d.html</a>
856 41 - ELECTRONIC LOCATION AND ACCESS
Materials specified Table of contents only
Uniform Resource Identifier <a href="http://www.loc.gov/catdir/enhancements/fy0829/2008015925-t.html">http://www.loc.gov/catdir/enhancements/fy0829/2008015925-t.html</a>
906 ## - LOCAL DATA ELEMENT F, LDF (RLIN)
a 7
b cbc
c orignew
d 1
e ecip
f 20
g y-gencatlg
942 ## - ADDED ENTRY ELEMENTS (KOHA)
Source of classification or shelving scheme
Koha item type Book
Holdings
Withdrawn status Lost status Source of classification or shelving scheme Damaged status Not for loan Home library Current library Shelving location Date acquired Total Checkouts Full call number Barcode Date last seen Copy number Price effective from Koha item type
          Riara University Library Riara University Library General stack 29/08/2016   HD4904.25.W73 2008 8140/16 29/08/2016 C.1 29/08/2016 Book

Riara University Library,
P.O. Box 49940-00100,
Nairobi, Kenya.